000 00952nam a2200253Ia 4500
003 OSt
005 20221005104442.0
006 a|||||r|||| 00| 0
007 ta
008 221004b |||||||| |||| 00| 0 hin d
024 _a31622
037 _cTextual
040 _aCRL
_cCRL
_bhin
041 _2hin
_ahin
082 _aW3.2, 152P0
100 _aझा, डी. एन.
_9164378
245 0 _aभारतीय सामंतवाद
_b राज्य, समाज और विचारधारा
246 _aBhāratīya sāmantavāda: rājya, samāj aur vichāradhārā
260 _aदिल्ली
_bमनोहर पब्लिशर्स एन्ड डिस्ट्रीब्यूटर्स भारत
_c2000
300 _a556पृ.
_ccm.
650 _aभारतीय राजनीति
942 _hW3.2, 152P0
_cTEXL
_2cc
999 _c1012753
_d1012753